In the second meeting of the first session of the ninth parliament of the fourth republic of Ghana. Report of the committee on lands and natural resources on mining lease agreement between government of the republic of Ghana and newmont golden ridge limited for the mining of gold at Akyem west and Akyem east in the Birim north district of the eastern region (Record no. 5696)

MARC details
000 -LEADER
fixed length control field 00954nam a22001697a 4500
003 - CONTROL NUMBER IDENTIFIER
control field OSt
005 - DATE AND TIME OF LATEST TRANSACTION
control field 20250811101728.0
008 - FIXED-LENGTH DATA ELEMENTS--GENERAL INFORMATION
fixed length control field 250811b |||||||| |||| 00| 0 eng d
041 ## - LANGUAGE CODE
Language code of text/sound track or separate title English
082 ## - DEWEY DECIMAL CLASSIFICATION NUMBER
Classification number CR/CLNR/25 Acc No:11,865
110 ## - MAIN ENTRY--CORPORATE NAME
Corporate name or jurisdiction name as entry element Parliament of Ghana
245 ## - TITLE STATEMENT
Title In the second meeting of the first session of the ninth parliament of the fourth republic of Ghana. Report of the committee on lands and natural resources on mining lease agreement between government of the republic of Ghana and newmont golden ridge limited for the mining of gold at Akyem west and Akyem east in the Birim north district of the eastern region
260 ## - PUBLICATION, DISTRIBUTION, ETC.
Place of publication, distribution, etc. Accra-Osu
Name of publisher, distributor, etc. Parliament of Ghana
Date of publication, distribution, etc. July,2025
300 ## - PHYSICAL DESCRIPTION
Extent 10p;
650 ## - SUBJECT ADDED ENTRY--TOPICAL TERM
Source of heading or term Mining lease agreement between government of the republic of Ghana and newmont golden ridge limited for the mining of gold at Akyem west and Akyem east in the Birim north district of the eastern region
942 ## - ADDED ENTRY ELEMENTS (KOHA)
Source of classification or shelving scheme Dewey Decimal Classification
Koha item type Committee Reports
Suppress in OPAC No
Holdings
Withdrawn status Lost status Source of classification or shelving scheme Damaged status Not for loan Home library Current library Shelving location Date acquired Total checkouts Full call number Date last seen Copy number Price effective from Koha item type
    Dewey Decimal Classification     Main Library Main Library Open Shelves 11/08/2025   CR/CLNR/25 Acc No:11,865 C1 11/08/2025 1 11/08/2025 Committee Reports
    Dewey Decimal Classification     Main Library Main Library Open Shelves 11/08/2025   CR/CLNR/25 Acc No:11,866 C2 11/08/2025 2 11/08/2025 Committee Reports
©2026  Parliament of Ghana Library - All rights reserved